Rage Against the Machine Album Tracks - Statistics

General Stats
  • This quiz has been taken 49 times
  • The average score is 7 of 10
Answer Stats
Hint Answer % Correct
2 Killing in the Name
100%
1 Bombtrack
98%
10 Freedom
88%
6 Know Your Enemy
83%
3 Take the Power Back
73%
5 Bullet in the Head
70%
7 Wake Up
70%
8 Fistful of Steel
60%
4 Settle for Nothing
60%
9 Township of Rebellion
5%
No matching quizzes found
Score Distribution
Percent of People with Each Score
Percentile by Number Answered
Your Score History
You have not taken this quiz